000 00866nam a22002777a 4500
001 8324
003 FISKH
005 20250909101113.0
008 250909b cb ||||| |||| 00| 0 eng d
020 _a9781429634397
040 _aFISKH
_beng
_cFISKH
_dFISKH
050 _aQL544.2 .S49
082 _a595.78
100 _aShores, Lori
245 _aThe pebble first guide to butterflies /
_cBy Lori Shores
260 _aMinnesota :
_bCapstone Press ,
_c2009.
300 _a32 pages :
_bcolor illustrations ;
_c18 cm .
505 _aJ
520 _aA basic field guide format introduces thirteen butterfly species. Includes color photographs and range maps.
521 8 _a480
_bLexile
521 8 _a480
_bRaz-Plus
521 8 _aJ
_bRaz-Plus
650 _aButterflies
_vJuvenile Literature
942 _2ddc
_cBK
_n0
999 _c8324
_d8324